[Event "Tata Steel 83rd"]
[Site "Wijk aan Zee"]
[Date "2021.01.24"]
[Round "8.1"]
[White "Esipenko, Andrey"]
[Black "Carlsen, Magnus"]
[Result "1-0"]
[WhiteElo "2677"]
[BlackElo "2862"]
[Annotator "Edouard,Romain"]
[PlyCount "75"]
[EventDate "2021.01.16"]
[EventType "tourn"]
[EventRounds "13"]
[EventCountry "NED"]
[EventCategory "19"]
[SourceTitle "CBM 201 Extra"]
[Source "ChessBase"]
[SourceDate "2021.05.30"]
[SourceVersion "1"]
[SourceVersionDate "2021.05.30"]
[SourceQuality "1"]

{[%evp 0,75,58,31,100,90,111,111,87,36,65,65,94,63,110,99,103,73,106,88,98,17,0,10,30,23,37,25,72,81,89,28,34,34,78,-100,108,108,108,108,89,78,161,178,220,156,156,13,81,108,108,116,104,121,267,70,102,124,144,144,148,69,153,118,135,116,179,311,480,148,395,425,446,383,915,1171,1171,1171]} 1. e4 c5 2. Nf3 d6 3. d4 cxd4 4. Nxd4 Nf6 5. Nc3 a6 6. Be2 e6 7. Be3 Be7 8. g4 b5 9. g5 ({RR} 9. a3 Bb7 10. f3 Nc6 11. Nxc6 Bxc6 12. Qd4 Nd7 13. Qxg7 Bf6 14. Qh6 Qe7 15. h4 Rc8 16. Bg5 Bxg5 17. Qxg5 f6 18. Qd2 Ne5 19. O-O-O Rd8 20. f4 Nf7 21. g5 e5 22. Bh5 O-O 23. f5 d5 {Durarbayli,V (2614)-Mousavi,S (2479) chess.com INT 2025 ½-½ (50)}) 9... Nfd7 10. a3 ({RR} 10. Qd2 Bb7 11. a3 Nb6 12. h4 N8d7 13. h5 Ne5 14. b3 Rc8 15. f4 Ned7 16. Bf3 Qc7 17. Nce2 Nc5 18. Ng3 d5 19. g6 hxg6 20. hxg6 Rxh1+ 21. Bxh1 dxe4 22. b4 Nc4 23. gxf7+ Kxf7 24. Qe2 Nd3+ {Nepomniachtchi,I (2779)-Matlakov,M (2662) chess.com INT 2023 1-0 (38)}) 10... Bxg5 {Now that this pawn is gone, it will be hard for Black to safely castle shortside.} (10... Bb7 11. Qd2 {is what White wants: he has avoided ...b4.}) 11. Qd2 Bxe3 $146 (11... Bf6 {didn't go much better for GM Negi, eleven years ago:} 12. O-O-O Bb7 13. Rhg1 Nc5 14. e5 $3 Bxe5 (14... dxe5 15. Ndxb5 $16) 15. Ndxb5 Nb3+ (15... axb5 16. Bxc5 $16) 16. cxb3 axb5 17. Bxb5+ Bc6 18. Bd4 $18 {1-0 (21) Ivanchuk,V (2739)-Negi,P (2615) Peristeri 2010}) (11... Be7 12. O-O-O Bb7 {is the other crtical option:} 13. Rhg1 (13. f4 $5) 13... g6 14. Bh6 (14. f4 $5) 14... Nc6 15. Bg7 Rg8 16. Nxc6 Bxc6 17. Qh6 Qc7 18. Qxh7 O-O-O $132 {1-0 (46) Ni Hua,- (2671)-Xu Yinglun (2333) China 2013}) ({RR} 11... Bf6 12. O-O-O Bb7 13. Rhg1 Qe7 14. Kb1 Nc6 15. f4 Nxd4 16. Bxd4 e5 17. Be3 Rc8 18. Bg4 Rc7 19. Bxd7+ Rxd7 20. f5 O-O 21. Rg4 d5 22. exd5 Rfd8 23. Bb6 Rxd5 24. Nxd5 Rxd5 25. Qe1 Qd6 26. Rxd5 {Hesham,A (2412)-Zaibi,A (2393) Riyadh KSA 2023 0-1 (42)}) 12. Qxe3 Qh4 $6 {Just a a loss of time, it seems.} (12... Bb7 {should be critical and a more solid approach, e.g.} 13. O-O-O Qe7 14. f4 Nc6 15. Rhg1 g6 16. Nxc6 Bxc6 17. h4 {with a messy position where I definitely like White.} (17. Qd4 O-O 18. Qxd6 Qxd6 19. Rxd6 Rac8 20. Rgd1 Nf6 $11)) 13. Rg1 g6 (13... O-O 14. O-O-O {just looks awful for Black.}) 14. O-O-O Qe7 15. f4 Bb7 16. Kb1 Nc6 $6 {A mistake - and beautifully punished - but Black's position was already a nightmare.} (16... O-O 17. h4 $146) 17. Ncxb5 $1 axb5 18. Nxc6 Bxc6 19. Qc3 {A pattern I had never seen! Beautiful!} O-O 20. Qxc6 {Black will lose the d6-pawn and the b5-pawn is on the line of sight as well. The World Champion is lost!} d5 21. exd5 Rfc8 22. d6 Qd8 23. Qxb5 {Just taking all the pawns, although a retreat to f3 was strong and safe.} Rcb8 24. Qc4 (24. Qd3 Ra4 {wth the ideas of ...Qf6 and ...Rxf4 is not entirely over for Black.} (24... Nc5 25. Qd4 Na4 26. b4 {should be a walk in the dark fo White.})) 24... Rxa3 25. Qc7 Qe8 26. Rg5 $1 {An exellent move - aiming for b5 or a5 eliminating Black's dangerous a-rook.} Ra4 27. Ra5 ({The last trick was NOT to play} 27. Bb5 $4 {due to} Rxb5 28. Rxb5 Qa8 29. Kc1 Ra1+ 30. Kd2 Qg2+ 31. Kc3 Rxd1 32. Qxd7 {and White will be lucky if there's no forced win for Black! Which is probably the case as the engine suggests 32...Kg7, with a clear advantage (only) for Black.}) 27... Rab4 28. b3 {Black has no counterattack whatsoever. White is completely winning.} R4b7 29. Qc3 Qd8 30. Bf3 Rb4 31. Qc7 Qf6 32. Ra8 $1 {Putting an end to any hope for Black.} ({Obviously not} 32. Qxd7 $2 Rxb3+ {with mate to follow.}) 32... Rxa8 33. Bxa8 Qf5 34. Kb2 Rb5 35. Qxd7 Rc5 36. Rc1 Qxf4 37. Qe8+ Kg7 38. d7 {Young talents starting to crush the World Champion - let's expect quite some fight for the supreme title in the years to come!} 1-0

[Event "Tata Steel 83rd"]
[Site "Wijk aan Zee"]
[Date "2021.01.26"]
[Round "9"]
[White "Carlsen, Magnus"]
[Black "Grandelius, Nils"]
[Result "1-0"]
[WhiteElo "2862"]
[BlackElo "2663"]
[PlyCount "129"]
[EventDate "2021.01.16"]
[EventType "tourn"]
[EventRounds "13"]
[EventCountry "NED"]
[EventCategory "19"]
[SourceTitle "CBM 200"]
[Source "ChessBase"]
[SourceDate "2021.02.01"]
[SourceVersion "1"]
[SourceVersionDate "2021.02.01"]
[SourceQuality "1"]

1. e4 c5 2. Nf3 d6 3. d4 cxd4 4. Nxd4 Nf6 5. Nc3 a6 6. Qd3 e6 7. a4 Nc6 ({RR} 7... b6 8. Qg3 Bb7 9. f3 Nbd7 10. Be3 Rc8 11. Be2 Be7 12. O-O O-O 13. Kh1 Re8 14. Rad1 Qc7 15. Nb3 Qb8 16. Bd4 h6 17. Bd3 Nh5 18. Qf2 Nf4 19. Bxb6 Nxd3 20. Rxd3 Ne5 21. Rdd1 Nc4 22. Rb1 {Caruana,F (2835)-Ding,L (2791) chess24.com INT 2020 ½-½ (73)}) ({RR} 7... Be7 8. Be2 O-O 9. Qg3 Kh8 10. O-O Bd7 11. Rd1 Qc7 12. Be3 Nc6 13. Nb3 Ne5 14. a5 Rac8 15. Bb6 Qb8 16. Nd2 Bc6 17. f4 Ng6 18. Be3 Bd8 19. Bd3 Bc7 20. Nf3 Rcd8 21. Nd4 Bd7 22. Nde2 {Vaculik,J (2281)-Sliwerski,R (2040) Marianske Lazne CZE 2025 ½-½ (72)}) 8. Nxc6 bxc6 9. Qg3 Bb7 $146 ({RR} 9... h5 10. h4 Qa5 11. Bd2 Qb6 12. Bd3 a5 13. b3 e5 14. f4 Qc5 15. Bc4 Bg4 16. Qd3 Be7 17. Be3 Qb4 18. O-O O-O 19. f5 Rfd8 20. Bf2 Qb7 21. Qg3 d5 22. Bd3 Bb4 23. Na2 dxe4 24. Nxb4 {Razafindratsima,T (2451)-Argote Heredia,V (2153) Spilimbergo ITA 2023 1-0 (41)}) 10. Be2 Be7 11. Bf4 e5 12. Be3 O-O 13. O-O Kh8 14. a5 Nd7 15. Rfd1 f5 16. exf5 d5 17. Na4 d4 18. Bd2 c5 19. Qh3 Bg5 20. Bxg5 Qxg5 21. Re1 Be4 22. Bd3 Bxf5 23. Bxf5 Rxf5 24. Nb6 Nxb6 25. axb6 h6 26. Qd3 Rb8 27. Rxa6 Rf6 28. g3 Rfxb6 29. Rxb6 Rxb6 30. f4 Qd8 31. Rxe5 Rxb2 32. Rxc5 Qa8 33. Kf2 Rb8 34. Qf3 Qa7 35. Qd5 Qa1 36. Qe5 Qb2 37. Rc6 Kh7 38. Rc7 Rg8 39. Kg2 Qb4 40. Qe4+ Kh8 41. Rd7 Qd2+ 42. Kh3 Qd1 43. Re7 Qh5+ 44. Kg2 Rc8 45. f5 Qd1 46. Re8+ Rxe8 47. Qxe8+ Kh7 48. Qe4 Kh8 49. Qe8+ Kh7 50. Qg6+ Kh8 51. f6 Qe2+ 52. Kh3 Qe6+ 53. Kh4 gxf6 54. Qxh6+ Kg8 55. Qg6+ Kf8 56. g4 Qe5 57. h3 Ke7 58. Qf5 Qe3 59. Kh5 Qxh3+ 60. Kg6 Kd6 61. Kxf6 Qe3 62. g5 Qe7+ 63. Kg6 Qe8+ 64. Kg7 Qe7+ 65. Kg8 1-0

[Event "Tata Steel 83rd"]
[Site "Wijk aan Zee"]
[Date "2021.01.29"]
[Round "11"]
[White "Carlsen, Magnus"]
[Black "Giri, Anish"]
[Result "1/2-1/2"]
[WhiteElo "2862"]
[BlackElo "2764"]
[PlyCount "83"]
[EventDate "2021.01.16"]
[EventType "tourn"]
[EventRounds "13"]
[EventCountry "NED"]
[EventCategory "19"]
[SourceTitle "CBM 200"]
[Source "ChessBase"]
[SourceDate "2021.02.01"]
[SourceVersion "1"]
[SourceVersionDate "2021.02.01"]
[SourceQuality "1"]

1. e4 e5 2. Nf3 Nc6 3. Bc4 Bc5 4. c3 Nf6 5. d3 O-O 6. b4 Be7 7. Nbd2 d5 8. Bb3 Bg4 ({RR} 8... a5 9. b5 Na7 10. a4 c6 11. bxc6 Nxc6 12. O-O Bg4 13. h3 Bxf3 14. Qxf3 d4 15. cxd4 Nxd4 16. Qd1 Nxb3 17. Qxb3 Nd7 18. Ba3 b6 19. Nc4 Bxa3 20. Qxa3 Rc8 21. Rfb1 Rc6 22. Rb5 Re8 23. Rab1 {Carlsen,M (2847)-Aronian,L (2782) Chess24.com INT 2021 ½-½ (54)}) ({RR} 8... dxe4 9. dxe4 Qd3 10. Bb2 a5 11. Bc4 Qd6 12. b5 Nd8 13. a4 Ne6 14. O-O Nc5 15. Ba3 Bg4 16. Qc2 Nfd7 {½-½ (16) Cherukuri,N (2246)-Espinosa,P (2242) New York USA 2025}) ({RR} 8... a6 9. Qc2 h6 10. O-O Be6 11. Re1 Re8 12. Bb2 Bf8 13. a4 b5 14. h3 dxe4 15. dxe4 Qd7 16. Bxe6 Qxe6 17. axb5 axb5 18. Rxa8 Rxa8 19. Qd3 Rb8 20. Ra1 Ne7 21. Ra5 c6 22. Bc1 Nc8 23. Nf1 {Carlsen,M (2847)-Nakamura,H (2736) chess24.com INT 2021 ½-½ (57)}) 9. Qc2 dxe4 $146 ({RR} 9... Bxb4 10. cxb4 Nxb4 11. Qb1 dxe4 12. dxe4 Nd3+ 13. Kf1 Nh5 14. h3 Be6 15. Nc4 f6 16. Ne3 Bf7 17. Ba3 c5 18. g3 Kh8 19. Bd5 Bxd5 20. Nxd5 f5 21. Qxd3 fxe4 22. Qxe4 Qa5 23. Bc1 Rf7 24. g4 {Gulbas,C (2393)-Zor,A (2167) Kemer 2018 1-0 (35)}) 10. dxe4 Bd6 11. h3 Bh5 12. Rb1 a5 13. a3 axb4 14. axb4 b5 15. O-O Ne7 16. Re1 Qc8 17. Qd3 Rb8 18. Nh4 Ng6 19. Nxg6 Bxg6 20. Nf1 Rd8 21. Qf3 c5 22. Bg5 Be7 23. Ng3 c4 24. Bc2 h6 25. Be3 Qc6 26. Nf5 Bxf5 27. Qxf5 g6 28. Qf3 Kg7 29. Ra1 Ra8 30. Qe2 Rxa1 31. Rxa1 Ra8 32. Rxa8 Qxa8 33. Qd2 h5 34. Kh2 Qc6 35. Qe2 Qe6 36. g3 Bd8 37. Kg2 Bb6 38. Bg5 Nh7 39. Bc1 Nf6 40. Bg5 Nh7 41. Bc1 Nf6 42. Bg5 1/2-1/2

[Event "San Fermin Masters Final"]
[Site "chess24.com INT"]
[Date "2021.07.10"]
[Round "1.1"]
[White "Carlsen, Magnus"]
[Black "Iturrizaga Bonelli, Eduardo"]
[Result "1-0"]
[WhiteElo "2847"]
[BlackElo "2607"]
[PlyCount "55"]
[EventDate "2021.07.10"]
[EventType "k.o."]
[EventRounds "3"]
[EventCountry "ESP"]
[SourceTitle "CBM 203 Extra"]
[Source "ChessBase"]
[SourceDate "2021.09.30"]
[SourceVersion "1"]
[SourceVersionDate "2021.09.30"]
[SourceQuality "1"]

1. e4 c5 2. Nf3 Nc6 3. Bb5 e6 4. O-O Nge7 5. Re1 Nd4 6. Ba4 a6 7. c3 Nxf3+ 8. Qxf3 b5 9. Bc2 Nc6 10. Qg3 $146 ({RR} 10. b3 Be7 11. e5 f5 12. exf6 Bxf6 13. Qh5+ Kf8 14. Qxc5+ Qe7 15. Qe3 Kf7 16. Bb2 Bb7 17. d4 Rac8 18. Bd3 h5 19. Nd2 g5 20. Ne4 Rcg8 21. a4 bxa4 22. Ba3 Qd8 23. Nd6+ Kg7 24. Nxb7 Qb6 {Lajdamik,K (1795)-Campos Munoz,V (1716) Florianopolis BRA 2024 1-0}) 10... e5 11. a4 Rb8 12. axb5 axb5 13. d4 d6 14. d5 Ne7 15. f4 Ng6 16. f5 Ne7 17. b4 c4 18. Be3 Ng8 19. Ra7 Nf6 20. Nd2 Bd7 21. Rea1 g6 22. Nf3 Be7 23. Nxe5 dxe5 24. Qxe5 O-O 25. Bd4 Re8 26. d6 Bf8 27. Qxf6 Qxf6 28. Bxf6 1-0

[Event "San Fermin Masters Final"]
[Site "chess24.com INT"]
[Date "2021.07.10"]
[Round "1.3"]
[White "Carlsen, Magnus"]
[Black "Iturrizaga Bonelli, Eduardo"]
[Result "1/2-1/2"]
[WhiteElo "2847"]
[BlackElo "2607"]
[PlyCount "99"]
[EventDate "2021.07.10"]
[EventType "k.o."]
[EventRounds "3"]
[EventCountry "ESP"]
[SourceTitle "CBM 203 Extra"]
[Source "ChessBase"]
[SourceDate "2021.09.30"]
[SourceVersion "1"]
[SourceVersionDate "2021.09.30"]
[SourceQuality "1"]

1. e4 c5 2. Nf3 Nc6 3. Bb5 e6 4. O-O Nge7 5. Re1 Nd4 6. Ba4 Qa5 7. Nxd4 cxd4 8. c3 b5 9. Bc2 Nc6 10. b4 Qb6 11. a4 bxa4 12. Bxa4 $146 ({RR} 12. Rxa4 Be7 13. Na3 O-O 14. b5 Ne5 15. cxd4 Ng6 16. d5 exd5 17. exd5 Bb7 18. Bxg6 fxg6 19. d4 Qf6 20. Qf3 Qxf3 21. gxf3 Bf6 22. Nc4 Bxd5 23. Ba3 Rfb8 24. Nd6 Bb3 25. Rb4 Bd5 26. Ra4 Bb3 {Carlsen,M (2847)-Iturrizaga Bonelli,E (2607) chess24.com INT 2021 ½-½}) 12... Be7 13. Na3 O-O 14. Nc4 Qc7 15. e5 Nxb4 16. Nd6 Nd3 17. Re4 Nxe5 18. Nb5 Qb8 19. cxd4 Ng6 20. d5 Bb7 21. Nc3 exd5 22. Re1 Bc6 23. Bc2 Bd6 24. Qh5 Re8 25. Rxe8+ Qxe8 26. Ne2 Bb5 27. d3 Rc8 28. Ra2 Qe5 29. Qxe5 Bxe5 30. Be3 a6 31. g3 Ne7 32. f4 Bf6 33. Bd4 Nc6 34. Bxf6 gxf6 35. Rb2 d4 36. Kf2 Kg7 37. Bb1 f5 38. Ng1 Kf6 39. Nf3 h6 40. Rc2 Bxd3 41. Rxc6+ dxc6 42. Bxd3 c5 43. Bxa6 Ra8 44. Bc4 Ra3 45. Ne5 Rc3 46. Bxf7 Rc2+ 47. Kf3 Rc3+ 48. Kf2 Rc2+ 49. Kf3 Rc3+ 50. Kf2 1/2-1/2

[Event "San Fermin Masters Final"]
[Site "chess24.com INT"]
[Date "2021.07.10"]
[Round "1.7"]
[White "Carlsen, Magnus"]
[Black "Iturrizaga Bonelli, Eduardo"]
[Result "1/2-1/2"]
[WhiteElo "2847"]
[BlackElo "2607"]
[PlyCount "55"]
[EventDate "2021.07.10"]
[EventType "k.o."]
[EventRounds "3"]
[EventCountry "ESP"]
[SourceTitle "CBM 203 Extra"]
[Source "ChessBase"]
[SourceDate "2021.09.30"]
[SourceVersion "1"]
[SourceVersionDate "2021.09.30"]
[SourceQuality "1"]

1. e4 c5 2. Nf3 Nc6 3. Bb5 e6 4. O-O Nge7 5. Re1 Nd4 6. Ba4 Qa5 7. Nxd4 cxd4 8. c3 b5 9. Bc2 Nc6 10. b4 Qb6 11. a4 bxa4 12. Rxa4 $146 ({RR} 12. Bxa4 Be7 13. Na3 O-O 14. Nc4 Qc7 15. e5 Nxb4 16. Nd6 Nd3 17. Re4 Nxe5 18. Nb5 Qb8 19. cxd4 Ng6 20. d5 Bb7 21. Nc3 exd5 22. Re1 Bc6 23. Bc2 Bd6 24. Qh5 Re8 25. Rxe8+ Qxe8 26. Ne2 Bb5 {Carlsen,M (2847)-Iturrizaga Bonelli,E (2607) chess24.com INT 2021 ½-½ (50)}) 12... Be7 13. Na3 O-O 14. b5 Ne5 15. cxd4 Ng6 16. d5 exd5 17. exd5 Bb7 18. Bxg6 fxg6 19. d4 Qf6 20. Qf3 Qxf3 21. gxf3 Bf6 22. Nc4 Bxd5 23. Ba3 Rfb8 24. Nd6 Bb3 25. Rb4 Bd5 26. Ra4 Bb3 27. Rb4 Bd5 28. Ra4 1/2-1/2

[Event "San Fermin Masters Final"]
[Site "chess24.com INT"]
[Date "2021.07.11"]
[Round "2.1"]
[White "Carlsen, Magnus"]
[Black "So, Wesley"]
[Result "1-0"]
[WhiteElo "2847"]
[BlackElo "2772"]
[PlyCount "85"]
[EventDate "2021.07.10"]
[EventType "k.o."]
[EventRounds "3"]
[EventCountry "ESP"]
[SourceTitle "CBM 203 Extra"]
[Source "ChessBase"]
[SourceDate "2021.09.30"]
[SourceVersion "1"]
[SourceVersionDate "2021.09.30"]
[SourceQuality "1"]

1. e4 e5 2. Nf3 Nc6 3. Bc4 Nf6 4. d3 Bc5 5. c3 d6 6. O-O h6 7. Re1 O-O 8. Nbd2 Bb6 9. Bb3 a5 ({RR} 9... Ne7 10. Nc4 Ng6 11. d4 Be6 12. h3 exd4 13. Nxd4 Bxc4 14. Bxc4 Re8 15. Bd3 d5 16. exd5 Rxe1+ 17. Qxe1 Bxd4 18. cxd4 Qxd5 19. Be3 c6 20. Qb4 Nh4 21. Bf1 Qd7 22. d5 Nf5 23. dxc6 bxc6 24. Bc5 {Firouzja,A (2762)-Le Tuan Minh (2598) chess.com INT 2025 1-0 (42)}) 10. Nf1 Be6 11. Bc2 d5 12. Qe2 $146 ({RR} 12. exd5 Qxd5 13. Bb3 Qd6 14. Bxe6 Qxe6 15. d4 Rad8 16. Qc2 Nd7 17. Bf4 f6 18. a3 Qg4 19. Be3 exd4 20. cxd4 Rfe8 21. Rad1 Ne7 22. d5 Kh8 23. d6 cxd6 24. Rxd6 Nc8 25. Rd2 Qh5 26. Red1 Ne5 {Aronian,L (2781)-So,W (2770) Paris 2021 1-0}) 12... a4 13. exd5 Bxd5 14. Be3 Re8 15. Bxb6 cxb6 16. Ne3 Be6 17. a3 b5 18. Rad1 Nd5 19. d4 Nxe3 20. Qxe3 exd4 21. Qd3 g6 22. Qxb5 Bg4 23. Rxe8+ Qxe8 24. Re1 Qc8 25. Nd2 dxc3 26. Ne4 Bf5 27. bxc3 Qc7 28. Nf6+ Kf8 29. Bxf5 Ra5 30. Qb2 Rxf5 31. c4 Ne5 32. Nd5 Qxc4 33. Ne3 Qe4 34. Qc3 Rg5 35. Kh1 Kg8 36. Rd1 Nc6 37. h3 Re5 38. Ng4 Qe2 39. Rb1 Rb5 40. Re1 Rb3 41. Qc1 Qb2 42. Qxh6 Ne7 43. Rxe7 1-0

[Event "San Fermin Masters Final"]
[Site "chess24.com INT"]
[Date "2021.07.11"]
[Round "2.3"]
[White "Carlsen, Magnus"]
[Black "So, Wesley"]
[Result "1-0"]
[WhiteElo "2847"]
[BlackElo "2772"]
[PlyCount "57"]
[EventDate "2021.07.10"]
[EventType "k.o."]
[EventRounds "3"]
[EventCountry "ESP"]
[SourceTitle "CBM 203 Extra"]
[Source "ChessBase"]
[SourceDate "2021.09.30"]
[SourceVersion "1"]
[SourceVersionDate "2021.09.30"]
[SourceQuality "1"]

1. e4 {Marin,Mihail} e5 2. Nf3 Nc6 3. Bb5 a6 4. Ba4 Nf6 5. O-O Be7 6. Re1 b5 7. Bb3 O-O 8. a4 b4 9. d3 d6 10. Nbd2 Be6 ({RR} 10... Na5) 11. Nc4 ({RR} 11. Bxe6 fxe6 12. Nf1 ({RR} 12. Nc4 Nd7 13. Bd2 Rb8 14. h3 Qe8) 12... Qd7 13. Ng3 Na5 ({RR} 13... Rab8 14. c3 bxc3 15. bxc3 Na5) 14. d4 exd4 15. Qxd4 c5 16. Qd3 Nc6 17. c3 bxc3 18. bxc3 Kh8 ({RR} 18... Ng4 19. e5 d5 20. h3 Nxf2 21. Kxf2 Bh4) 19. h3 Qc7 ({RR} 19... d5) 20. Ng5 Ne5 21. Qe2 Qc8 22. f4 Nf7 23. Nf3 Rb8 24. c4 Qb7 25. Bd2 Qb2 {Leko,P (2751)-Grischuk,A (2726) Mexico City 2007 CBM 120 [Marin,Mihail] 1-0 (60)}) ({RR} 11. Bc4 Nd7 12. a5 Bf6 13. Nb3 Ne7 14. Bxe6 fxe6 15. d4 Ng6 16. Qe2 Kh8 17. Qc4 exd4 18. Nbxd4 Bxd4 19. Nxd4 Qh4 20. g3 Qf6 21. f4 c5 22. Nf3 Nde5) ({RR} 11. c3 Rb8 ({RR} 11... Qd7) 12. Bxe6 fxe6 13. d4 bxc3 14. bxc3 Nd7 15. Qe2 exd4 ({RR} 15... Qc8 16. Qc4) 16. Nxd4 ({RR} 16. cxd4 Nb4 17. Rb1 c5) 16... Nxd4 17. cxd4) 11... Rb8 ({RR} 11... Nd7 12. Be3 Bf6 ({RR} 12... a5 13. c3 bxc3 14. bxc3 d5 15. exd5 Bxd5 16. Rb1 Re8 17. Ba2 f6 18. Rb5 Bf7 19. Qc2 Nf8 20. d4) 13. c3 ({RR} 13. d4 exd4 14. Nxd4 Nxd4 15. Bxd4 Re8) 13... Rb8 ({RR} 13... bxc3 14. bxc3 Rb8 15. Rb1 Qe7) 14. d4 exd4 ({RR} 14... bxc3 15. d5) 15. cxd4 d5 16. Ncd2 dxe4 17. Nxe4) ({RR} 11... Qd7 12. a5 Ne8 13. Ba4 f5 14. Nfxe5 dxe5 15. Nxe5 Qd6 16. Nxc6 Bh4 17. e5 Qd5 18. d4 f4 19. Nxb4 Qxa5 20. Bd2 f3 21. Bxe8 Qb6 22. Bc6 Bg3 23. hxg3 {1-0 (23) Estrada Nieto,J (2184)-Calvo Gonzalez,J (2198) chess.com INT 2025}) 12. a5 ({RR} 12. h3 Nd7 13. Be3 Bf6 14. d4 exd4 15. Nxd4 Bxd4 16. Bxd4 Nxd4 17. Qxd4 Nc5 18. Re3 f6) ({RR} 12. Be3 Ng4 13. Bd2 Bh4 14. Rf1 Be7 15. Rc1 Nf6) ({RR} 12. c3 Nd7 13. d4) 12... Na7 $146 ({RR} 12... Qc8 13. h3 h6 14. Be3 Nh7 15. Qd2 Kh8 16. d4 exd4 17. Nxd4 Nxd4 18. Bxd4 Bf6 19. Ne3 Bxd4 20. Qxd4 Bxh3 21. Ra4 Rb5 22. Bc4 Ng5 23. Qd1 Bxg2 24. Nxg2 Nh3+ 25. Kf1 f5 26. e5 Rxe5 27. Rxe5 {Roganovic,M (2517)-Marjanusic,V (2276) Palic 2014 1-0 (36)}) 13. d4 Nxe4 14. Rxe4 d5 15. Rxe5 dxc4 16. Rxe6 cxb3 17. Rxa6 Nb5 18. cxb3 Qd5 19. Qc2 c5 20. dxc5 Bxc5 21. Be3 Bxe3 22. fxe3 Rfc8 23. Rb6 Ra8 24. Rd1 Rxc2 25. Rxd5 Nc7 26. Rd7 h6 27. Nd4 Rc1+ 28. Kf2 Rxa5 29. Rc6 1-0

[Event "San Fermin Masters Final"]
[Site "chess24.com INT"]
[Date "2021.07.11"]
[Round "2.4"]
[White "So, Wesley"]
[Black "Carlsen, Magnus"]
[Result "1/2-1/2"]
[WhiteElo "2772"]
[BlackElo "2847"]
[PlyCount "113"]
[EventDate "2021.07.10"]
[EventType "k.o."]
[EventRounds "3"]
[EventCountry "ESP"]
[SourceTitle "CBM 203 Extra"]
[Source "ChessBase"]
[SourceDate "2021.09.30"]
[SourceVersion "1"]
[SourceVersionDate "2021.09.30"]
[SourceQuality "1"]

1. e4 c6 2. d4 d5 3. e5 Bf5 4. Nf3 e6 5. Be2 Ne7 6. O-O h6 7. Nbd2 Nd7 8. Nb3 a5 9. a4 Qb6 10. Bd2 ({RR} 10. c3 Bg4 11. Be3 Nf5 12. Bd2 Bh5 13. h3 Bg6 14. g4 Ne7 15. Nh4 Be4 16. f3 Bh7 17. f4 Be4 18. f5 c5 19. Bb5 Nc6 20. Be3 Be7 21. Ng2 c4 22. Nd2 Bd3 23. Rf3 Bg5 24. Ne1 Be4 {Andreev,K (2208)-Cupid,K (2189) chess.com INT 2025 1-0 (51)}) 10... Bh7 11. Rc1 $146 ({RR} 11. h3 Ng6 12. Qe1 Bb4 13. Bxb4 Qxb4 14. Qxb4 axb4 15. Bd3 c5 16. Nxc5 Nxc5 17. dxc5 Ra5 18. Bb5+ Ke7 19. Rfe1 Rc8 20. c3 bxc3 21. b4 Raa8 22. Rac1 Nf4 23. Rxc3 Be4 24. a5 f6 25. h4 g5 {So,W (2770)-Carlsen,M (2862) chess24.com INT 2020 1-0 (44)}) 11... Nf5 12. Bd3 Bb4 13. Bxb4 Qxb4 14. c3 Qe7 15. Qc2 Bg6 16. g3 O-O 17. Rfe1 c5 18. dxc5 Nxc5 19. Nxc5 Qxc5 20. Qe2 Ne7 21. Bxg6 Nxg6 22. Nd4 Ne7 23. Qb5 Rfc8 24. Qxc5 Rxc5 25. Rc2 Nc6 26. Nb5 d4 27. f4 dxc3 28. Rd1 Nb4 29. Rxc3 Rxc3 30. Nxc3 Rc8 31. Rd7 b6 32. Rd6 Rc6 33. Rxc6 Nxc6 34. Kf2 Kf8 35. Ke3 Ke7 36. Kd3 Kd7 37. Kc4 Ne7 38. Kb5 Kc7 39. Ka6 Kc6 40. Nb5 Nd5 41. Nd6 f6 42. Ne8 fxe5 43. fxe5 g5 44. Ng7 Nb4+ 45. Ka7 Nd3 46. Nxe6 Nxe5 47. Ka6 Nf3 48. h3 h5 49. b3 h4 50. g4 Kd6 51. Ng7 Kc5 52. Ne6+ Kc6 53. Ka7 Kd6 54. Ng7 Kc6 55. Ne6 Kd6 56. Ng7 Kc6 57. Ne6 1/2-1/2

[Event "San Fermin Masters Final"]
[Site "chess24.com INT"]
[Date "2021.07.11"]
[Round "2.6"]
[White "So, Wesley"]
[Black "Carlsen, Magnus"]
[Result "1/2-1/2"]
[WhiteElo "2772"]
[BlackElo "2847"]
[PlyCount "96"]
[EventDate "2021.07.10"]
[EventType "k.o."]
[EventRounds "3"]
[EventCountry "ESP"]
[SourceTitle "CBM 203 Extra"]
[Source "ChessBase"]
[SourceDate "2021.09.30"]
[SourceVersion "1"]
[SourceVersionDate "2021.09.30"]
[SourceQuality "1"]

1. e4 e5 2. Nf3 Nc6 3. Bc4 Bc5 4. c3 Nf6 5. d4 exd4 6. e5 d5 7. Bb5 Ne4 8. cxd4 Bb6 9. Nc3 O-O 10. Be3 Bg4 11. h3 Bh5 12. Qc2 Nxc3 13. bxc3 f6 14. exf6 Qxf6 15. Be2 Na5 16. O-O Bxf3 17. Bxf3 c6 18. Rae1 Nc4 19. Bc1 Qg6 20. Qxg6 hxg6 21. Re7 Rf7 22. Re2 Ba5 23. Rc2 Re8 24. Be2 $146 ({RR} 24. Bg4 b5 25. g3 Bb6 26. Rd1 a5 27. Kg2 Rb7 28. Be2 Rbe7 29. Bd3 Kf7 30. h4 Bd8 31. Kf1 Rb7 32. Be2 Bf6 33. Rd3 Nd6 34. Rf3 Kg8 35. Bd3 Ne4 36. Kg2 Rbe7 37. Rf4 g5 38. Rg4 gxh4 {Liang,J (2409)-Guo,A (2432) New York 2022 ½-½ (62)}) 24... Rfe7 25. Bd3 Kf7 26. g3 b5 27. h4 Re1 28. Kg2 Bc7 29. a4 a5 30. Bg5 Rxf1 31. Kxf1 bxa4 32. Bxc4 dxc4 33. Ra2 Ke6 34. Rxa4 Kd5 35. Ra2 Ra8 36. Be7 a4 37. Bb4 Bd6 38. Bxd6 Kxd6 39. Ke2 c5 40. Ke3 a3 41. g4 Kd5 42. dxc5 Kxc5 43. Ra1 Kb5 44. Rb1+ Ka4 45. Rb4+ Ka5 46. Rb1 Ka4 47. Rb4+ Ka5 48. Rb1 Ka4 1/2-1/2